Estadística para administración y economía
Saved in:
| Main Authors: | , , |
|---|---|
| Format: | Book |
| Language: | Spanish |
| Published: |
Ciudad de México
Cencage Learning
2008
|
| Edition: | 10a. ed |
| Subjects: | |
| Tags: |
Add Tag
No Tags, Be the first to tag this record!
|
MARC
| LEADER | 00000nam a2200000 a 4500 | ||
|---|---|---|---|
| 001 | UCH2721 | ||
| 003 | CL-VaPUC | ||
| 005 | 20240104150223.0 | ||
| 008 | 090624e20080000MX |||||||||||||||||spa|d | ||
| 999 | |c 334435 |d 334433 | ||
| 020 | |a 9789706868251 | ||
| 040 | |c Pontificia Universidad Católica de Valparaíso | ||
| 082 | 0 | 4 | |a 330.015195 |b AND |2 21 |
| 100 | 0 | |a Anderson, David Ray |e author |9 537736 | |
| 245 | 1 | 0 | |a Estadística para administración y economía |
| 250 | |a 10a. ed | ||
| 260 | |a Ciudad de México |b Cencage Learning |c 2008 | ||
| 300 | |a 1056 p | ||
| 500 | |a Incluye CD | ||
| 583 | |a last modification |c 20090624 00:00:00 |k Rodrigo Vera | ||
| 650 | 0 | |a Estadística económica |9 506187 | |
| 650 | 0 | |a Estadística |9 885963 |x Probabilidades | |
| 650 | 0 | |a Muestreo (Estadística) |9 270232 | |
| 650 | 0 | |a Distribución (Teoría de probabilidades) |9 885830 | |
| 650 | 0 | |a Análisis de regresión |9 263763 | |
| 700 | 0 | |a Sweeney, Dennis J |e author |9 537737 | |
| 700 | 0 | |a Williams, Thomas A |e author |9 537738 | |
| 942 | |c BK |2 ddc | ||
| 945 | |d 20090624 00:00:00 |a rbrito | ||
| 952 | |0 0 |1 0 |2 ddc |4 0 |6 330_015195000000000_AND_2008 |7 0 |8 R |9 423479 |a BIBGIM |b BIBENE |d 2019-11-22 |i 4565649 |l 4 |o 330.015195 AND 2008 |p 4565649 |r 2025-01-15 |s 2023-09-04 |w 2019-11-22 |y BK_R |k COM | ||
| 952 | |0 0 |1 0 |4 0 |6 330_015195000000000_AND_2008 |7 0 |8 R |9 423480 |a BIBGIM |b BIBGIM |d 2019-11-22 |i 4565657 |o 330.015195 AND 2008 |p 4565657 |r 2025-01-15 |w 2019-11-22 |y BK_R |k COM | ||
| 952 | |0 0 |1 0 |4 0 |6 330_015195000000000_AND_2008 |7 0 |8 R |9 423481 |a BIBGIM |b BIBGIM |d 2019-11-22 |i 4565665 |o 330.015195 AND 2008 |p 4565665 |r 2025-01-15 |w 2019-11-22 |y BK_R |k COM | ||